La últiam piedra / (Registro nro. 3274)

Detalles MARC
000 -LEADER
fixed length control field 00819nam a2200217Ia 4500
003 - CONTROL NUMBER IDENTIFIER
control field OSt
005 - DATE AND TIME OF LATEST TRANSACTION
control field 20250414125653.0
008 - FIXED-LENGTH DATA ELEMENTS--GENERAL INFORMATION
fixed length control field 191128s2014 bl er 000 f spa d
020 ## - INTERNATIONAL STANDARD BOOK NUMBER
International Standard Book Number 9788571407299
040 ## - CATALOGING SOURCE
Original cataloging agency CO-JMCR
Transcribing agency CO-JMCR
041 ## - LANGUAGE CODE
Language code of text/sound track or separate title spa
082 04 - DEWEY DECIMAL CLASSIFICATION NUMBER
Classification number A-N
Item number FORu
100 1# - MAIN ENTRY--PERSONAL NAME
Personal name Formigoni, Rogério,
Relator term autor
9 (RLIN) 9923
245 10 - TITLE STATEMENT
Title La últiam piedra /
Statement of responsibility, etc. Rogério Formigoni
250 ## - EDITION STATEMENT
Edition statement primera edición
260 ## - PUBLICATION, DISTRIBUTION, ETC.
Place of publication, distribution, etc. Rio de Janeiro :
Name of publisher, distributor, etc. Unipro Editorial,
Date of publication, distribution, etc. 2014
300 ## - PHYSICAL DESCRIPTION
Extent 111 páginas :
520 ## - SUMMARY, ETC.
Summary, etc. Muchas personas tienen vicios, aun sin saberlo. Vemos eso todos los días en aquellos con quienes convivimos. La palabra vicio, que viene del latín vittium y significa "defecto físico o imperfección grave que compromete su capacidad".
650 ## - SUBJECT ADDED ENTRY--TOPICAL TERM
Topical term or geographic name entry element Novela brasileña
Chronological subdivision sigloXX
9 (RLIN) 9924
942 ## - ADDED ENTRY ELEMENTS (KOHA)
Source of classification or shelving scheme Dewey Decimal Classification
Koha item type Books
Existencias
Withdrawn status Lost status Source of classification or shelving scheme Damaged status Not for loan Collection code Home library Current library Date acquired Source of acquisition Total Checkouts Full call number Barcode Date last seen Date last checked out Copy number Koha item type
    Dewey Decimal Classification     Fiction Biblioteca Pública José María del Castillo y Rada Biblioteca Pública José María del Castillo y Rada 11/28/2019 Donación 1 A-N FORu 201507012 03/10/2023 03/06/2023 Ej.1 Books